000 00664nam a2200289Ia 4500
005 20260324135140.0
008 008 260324s9999 xx 000 0 eng d
020 _a9780203036846
037 _aEBOOK
040 _aCRL
040 _beng
040 _cCRL
041 _2eng
041 _aeng
084 _qCRL
100 _aPaul Helm
_91199518
245 0 _aReferring to God
245 0 _bJewish and Christian Perspectives
260 _bTaylor and Francis
260 _c2000
365 _a
365 _b290
856 _uhttp://www.taylorfrancis.com/books/9780203036846
942 _cEBOOK
999 _c1800291
_d1800291